Хегбомит из Горной Шории; Геология и геофизика; № 4

Dettagli Bibliografici
Parent link:Геология и геофизика: научный журнал/ Российская академия наук (РАН), Сибирское отделение (СО).— , 1960-
№ 4.— 1960.— С. 63-75
Autore principale: Кузьмин А. М. Алексей Михайлович
Riassunto:В фонде НТБ ТПУ отсутствует
Lingua:russo
Pubblicazione: 1960
Soggetti:
Natura: MixedMaterials Capitolo di libro
KOHA link:https://koha.lib.tpu.ru/cgi-bin/koha/opac-detail.pl?biblionumber=591729

MARC

LEADER 00000naa0a2200000 4500
001 591729
005 20250128105105.0
035 |a (RuTPU)RU\TPU\tpu\2377 
035 |a TPU00002377 
090 |a 591729 
100 |a 20011210d1960 k y0rusy50 ca 
101 0 |a rus 
102 |a RU 
200 1 |a Хегбомит из Горной Шории  |f А. М. Кузьмин 
320 |a Библиогр.: 6 назв. 
333 |a В фонде НТБ ТПУ отсутствует 
461 |t Геология и геофизика  |o научный журнал  |f Российская академия наук (РАН), Сибирское отделение (СО)  |d 1960- 
463 |t № 4  |v С. 63-75  |d 1960 
610 1 |a геолого-географические науки 
610 1 |a труды учёных ТПУ 
700 1 |a Кузьмин  |b А. М.  |c российский геолог  |c профессор Томского политехнического института  |f 1891-1980  |g Алексей Михайлович  |3 (RuTPU)RU\TPU\pers\13901 
801 0 |a RU  |b 63413507  |c 20011210  |g PSBO 
801 2 |a RU  |b 63413507  |c 20111207  |g PSBO 
942 |c CR